000 00767cab a2200229 4500
001 WB3438-04
008 090401t1998 xxu||||| |||| 00| 0 eng d
035 _a(Sirsi) u88892
041 _aeng
245 _aGCHQ deal boosts PFI
260 _c1998
350 _a0
490 _aIndependent
_v8 October 1998, 22(2)
520 _aThe PFI contract awarded to the Tarmac, Group 4, BT and Deutsche Bank consortium to design and build the new GCHQ confirms government commitment to private investment in public projects. Tabulates value of PFI projects by year and government department.
650 _aGCHQ HEADQUARTERS
650 _aGCHQ
650 _aPFI
650 _aPRIVATE INVESTMENT
690 _aBUILT ENVIRONMENT
942 _n0
948 _c08/10/1998
999 _c56209
_d56209